The new province of Eastern Bengal & Assam, 1905-1911 / (Record no. 25793)
[ view plain ]
| 000 -LEADER | |
|---|---|
| fixed length control field | 01159nam a2200289 a 4500 |
| 001 - CONTROL NUMBER | |
| control field | 25793 |
| 003 - CONTROL NUMBER IDENTIFIER | |
| rucl marc code | BD-RjUL |
| 005 - DATE AND TIME OF LATEST TRANSACTION | |
| control field | 20211209050928.0 |
| 008 - FIXED-LENGTH DATA ELEMENTS--GENERAL INFORMATION | |
| fixed length control field | 140319s1981 bg b b f001 0 eng |
| 035 ## - SYSTEM CONTROL NUMBER | |
| System control number | (BD-RjUL)25863 |
| 040 ## - CATALOGING SOURCE | |
| Original cataloging agency | DLC |
| Transcribing agency | DLC |
| Modifying agency | DLC |
| -- | BD-RjUL |
| Language of cataloging | eng |
| 041 ## - LANGUAGE CODE | |
| Language code of text/sound track or separate title | eng |
| 082 00 - DEWEY DECIMAL CLASSIFICATION NUMBER | |
| Classification number | 338.95492 |
| Edition number | 19 |
| Author mark and year | MON |
| 100 1# - MAIN ENTRY--PERSONAL NAME | |
| Personal name | Molla, M. K. U., |
| Dates associated with a name | 1940- |
| 9 (RLIN) | 79235 |
| 245 14 - TITLE STATEMENT | |
| Title | The new province of Eastern Bengal & Assam, 1905-1911 / |
| Statement of responsibility, etc. | M.K.U. Molla. |
| 260 ## - PUBLICATION, DISTRIBUTION, ETC. (IMPRINT) | |
| Place of publication, distribution, etc. | Rajshahi, Bangladesh ; |
| Name of publisher, distributor, etc. | Institute of Bangladesh Studies, Rajshahi University ; |
| Place of publication, distribution, etc. | Dacca : |
| Name of publisher, distributor, etc. | Distributor, University Press, |
| Date of publication, distribution, etc. | 1981. |
| 300 ## - PHYSICAL DESCRIPTION | |
| Pagination | viii, 272 p. : |
| Illustrations | maps ; |
| Size | 22 cm. |
| 500 ## - GENERAL NOTE | |
| General note | Based on the author's thesis (Ph. D.--University of London, 1966) |
| 504 ## - BIBLIOGRAPHY, ETC. NOTE | |
| Bibliography, etc | Includes Bibliography: p. 257-270 and index. |
| 651 #0 - SUBJECT ADDED ENTRY--GEOGRAPHIC NAME | |
| Geographic name | Eastern Bengal and Assam (India) |
| General subdivision | Economic policy. |
| 9 (RLIN) | 79236 |
| Geographic name | Eastern Bengal and Assam (India) |
| General subdivision | Economic conditions. |
| 9 (RLIN) | 79237 |
| Geographic name | Eastern Bengal and Assam (India) |
| General subdivision | Social policy. |
| 9 (RLIN) | 79238 |
| Geographic name | Eastern Bengal and Assam (India) |
| General subdivision | Social conditions. |
| 9 (RLIN) | 79239 |
| 942 ## - ADDED ENTRY ELEMENTS (KOHA) | |
| Source of classification or shelving scheme | Dewey Decimal Classification |
| Koha item type | Books |
| Lost status | Source of classification or shelving scheme | Damaged status | Not for loan | Collection code | Permanent Location | Current Location | Shelving location | Date acquired | Source of acquisition | Cost, normal purchase price | Total Checkouts | Full call number | Date last seen | Date checked out | Copy number | Koha item type |
|---|---|---|---|---|---|---|---|---|---|---|---|---|---|---|---|---|
| Dewey Decimal Classification | Non-fiction | Central Library, University of Rajshahi | Central Library, University of Rajshahi | 01/03/1983 | International of bangladesh standard | 100.00 | 4 | 338.95492 MON 1981 | 22/03/2023 | 09/03/2023 | C-3 | Books | ||||
| Dewey Decimal Classification | Added to bundle | Non-fiction | Central Library, University of Rajshahi | Central Library, University of Rajshahi | 01/03/1983 | International of bangladesh standard | 100.00 | 338.95492 MON 1981 | 19/03/2014 | C-1 | Books | |||||
| Dewey Decimal Classification | Non-fiction | Central Library, University of Rajshahi | Central Library, University of Rajshahi | 01/03/1983 | IBS | 100.00 | 338.95492 MON 1981 | 19/02/2017 | C-1 | Books |